Las técnicas alternativas de la producción (Registro nro. 28774)

Detalles MARC
000 -LEADER
fixed length control field 00316 a2200109 4500
001 - CONTROL NUMBER
control field ART_24956
005 - DATE AND TIME OF LATEST TRANSACTION
control field 20260410161933.0
008 - FIXED-LENGTH DATA ELEMENTS--GENERAL INFORMATION
fixed length control field 260409a
100 1# - MAIN ENTRY--PERSONAL NAME
Personal name Wainer, Pedro H.
245 10 - TITLE STATEMENT
Title Las técnicas alternativas de la producción
773 0# - HOST ITEM ENTRY
Title Informe
Related parts - Año I, Nº 4 (oct. 1969)
Record control number REV23765

No hay ítems disponibles.